5 Největších Obcí na Každé Písmeno - Statistics

General Stats
  • This quiz has been taken 13 times
  • The average score is 77 of 139
Answer Stats
Odpověď % Correct
A
100%
B Brno
100%
Č České Budějovice
100%
P Praha
100%
Č Český Krumlov
91%
Ch Chomutov
91%
F Frýdek-Místek
91%
H Hradec Králové
91%
J Jihlava
91%
K Karlovy Vary
91%
P Pardubice
91%
P Plzeň
91%
B Břeclav
82%
Č Česká Lípa
82%
Ch Cheb
82%
Ch Chrudim
82%
F Frýdlant
82%
G Golčův Jeníkov
82%
J Jablonec nad Nisou
82%
K Kladno
82%
L Liberec
82%
L Litoměřice
82%
N Nymburk
82%
O Opava
82%
O Ostrava
82%
T Teplice
82%
Ú Ústí nad Labem
82%
Ž Žďár nad Sázavou
82%
Č Česká Třebová
73%
D Děčín
73%
D Domažlice
73%
E Ejpovice
73%
F Frenštát pod Radhoštěm
73%
I Ivaň
73%
I Ivančice
73%
K Kolín
73%
K Kroměříž
73%
M Mělník
73%
M Mladá Boleslav
73%
N Náchod
73%
N Nový Jičín
73%
O Olomouc
73%
P Přerov
73%
P Prostějov
73%
R Rakovník
73%
Ř Říčany
73%
Š Šumperk
73%
S Svitavy
73%
T Trutnov
73%
U Uherské Hradiště
73%
V Vsetín
73%
V Vyškov
73%
X Xaverov
73%
Z Zlín
73%
Z Znojmo
73%
A Albrechtice
64%
B Beroun
64%
B Bohumín
64%
Č Český Těšín
64%
E
64%
H Havířov
64%
H Havlíčkův Brod
64%
H Hodonín
64%
K Karviná
64%
L Louny
64%
M Most
64%
S Sokolov
64%
T Tábor
64%
T Třebíč
64%
T Třinec
64%
U Uherský Brod
64%
Ú Ústí nad Orlicí
64%
V Valašské Meziříčí
64%
C Cvikov
55%
F Františkovy Lázně
55%
F Frýdlant nad Ostravicí
55%
J Jičín
55%
J Jindřichův Hradec
55%
L Litvínov
55%
O Orlová
55%
O Otrokovice
55%
R Rychnov nad Kněžnou
55%
Š Šternberk
55%
Ú Úvaly
55%
A Adamov
45%
C Cerhenice
45%
D Dvůr Králové nad Labem
45%
H Hranice
45%
J Jirkov
45%
L Litomyšl
45%
N Neratovice
45%
R Rokycany
45%
R Rožnov pod Radhoštěm
45%
S Strakonice
45%
V Varnsdorf
45%
Z Zábřeh
45%
Ž Žatec
45%
Ch Chodov
36%
I Ivanovice na Hané
36%
M Mariánské Lázně
36%
S Sušice
36%
V Vysoké Mýto
36%
Ž Železný Brod
36%
Ž Židlochovice
36%
C Církvice
27%
C Cítov
27%
G Grygov
27%
M Milovice
27%
R Roudnice nad Labem
27%
Š Šenov
27%
U Uherský Ostroh
27%
Ž Žamberk
27%
C Cerhovice
18%
Ch Chotěboř
18%
D Dobříš
18%
G Grešlové Mýto
18%
G Grymov
18%
N Nový Bor
18%
S Slaný
18%
Š Šlapanice
18%
Š Štětí
18%
U Unhošť
18%
U Uničov
18%
Z Zruč nad Sázavou
18%
Z Zubří
18%
B Brandýs nad Labem-Stará Boleslav
9%
D Duchcov
9%
G Gruna
9%
Ř Řevnice
9%
Ú Úpice
9%
A Albrechtice nad Vltavou
0%
E Erpužice
0%
E Evaň
0%
Ř Řepiště
0%
Ř Řevničov
0%
Ú Újezd u Brna
0%
No matching quizzes found
Score Distribution
Percent of People with Each Score
Percentile by Number Answered
Your Score History
You have not taken this quiz